Informe nacional sobre el niño abandonado en Honduras
Uloženo v:
| Médium: | Kniha |
|---|---|
| Jazyk: | španělština |
| Vydáno: |
Montevideo
I.I.N
1960
|
| Témata: | |
| Tagy: |
Přidat tag
Žádné tagy, Buďte první, kdo vytvoří štítek k tomuto záznamu!
|
MARC
| LEADER | 00000nam a2200000 a 4500 | ||
|---|---|---|---|
| 001 | UCW3669 | ||
| 003 | CL-VaPUC | ||
| 008 | 881209e19600000UY |||||||||||||||||spa|d | ||
| 082 | 0 | 4 | |a 362.73 |b INF |2 21 |
| 245 | 1 | 0 | |a Informe nacional sobre el niño abandonado en Honduras |
| 300 | |a 15 p | ||
| 942 | |c BK | ||
| 945 | |d 19881209 00:00:00 | ||
| 260 | |a Montevideo |b I.I.N |c 1960 | ||
| 650 | 7 | |a NIÑOS ABANDONADOS |2 CL-VaPUC |9 307993 | |
| 651 | 7 | |a HONDURAS |2 CL-VaPUC |9 257740 | |
| 583 | |a last modification |c 19881209 00:00:00 |k Rodrigo Vera | ||
| 999 | |c 217591 |d 217589 | ||
| 952 | |0 0 |1 0 |4 0 |6 362_730000000000000_INF_1960 |7 0 |8 P |9 205511 |a BIBEDU |b BIBEDU |c BIBEDU_PB |d 2019-11-15 |i 2734583 |o 362.73 INF 1960 |p 2734583 |r 2024-01-25 |w 2019-11-15 |y BK |k EDU | ||